| 000 | 00805nam a22002057a 4500 | ||
|---|---|---|---|
| 999 |
_c11928 _d11928 |
||
| 003 | AR-CdUCM | ||
| 008 | 190401b ||||| |||| 00| 0 spa d | ||
| 040 |
_aMUNICIPALIDAD PROVINCIAL DEL CUSCO _cBIBLIOTECA MUNICIPAL DEL CUSCO |
||
| 082 |
_aES / 373.700 / _bV66 _214ed. |
||
| 100 |
_aVillacorta Paredes, Juan _927655 |
||
| 245 |
_aArtes Plásticas 1° Libro : _bLineas, color y bodegón / |
||
| 260 |
_aLima : _bStudium, _c1970. |
||
| 300 |
_a94 páginas ; _bimágenes. _c24cm. |
||
| 505 | _aContenido: El arte en la educación -- El arte en la cultura -- El arte en la vida práctica -- Nociones generales de cultura artística -- Artes plásticas... | ||
| 650 |
_aArte. _9561 |
||
| 650 |
_aArtes plásticas. _927656 |
||
| 650 |
_aArte peruano. _95992 |
||
| 942 |
_2ddc _cLIBROS |
||
| 945 |
_anom _d2019-04-05 |
||